Statistiken für Länder nach Bild #2

Klicken Sie hier um das Quiz zu spielen!

Allgemein

  • Dieses Quiz wurde 970 mal gespielt
  • Das Durchschnittsergebnis liegt bei 10 aus 15

Antwortstatistiken

Answer % Korrekt
Ägypten
99%
Vereinigtes Königreich
96%
Peru
93%
Italien
83%
Saudi-Arabien
81%
Mongolei
78%
Türkei
76%
Schweiz
73%
Vietnam
68%
Irak
63%
Malaysia
57%
Indonesien
38%
Madagaskar
34%
Ecuador
33%
Ukraine
27%

Verteilung der Resultate

Perzentil nach korrekt beantworteten Fragen

Anzahl Personen mit jedem Resultat

Ihre Resultats-Entwicklung

Sie haben dieses Quiz noch nicht gespielt